• AIU
  • Tony Wilmot Memorial Library
Normal view MARC view

Entry Topical Term

Number of records used in: 1

001 - CONTROL NUMBER

  • control field: 35964

003 - CONTROL NUMBER IDENTIFIER

  • control field: OSt

005 - DATE AND TIME OF LATEST TRANSACTION

  • control field: 20150216123145.0

008 - FIXED-LENGTH DATA ELEMENTS

  • fixed length control field: 150216|| aca||aabn | a|a d

040 ## - CATALOGING SOURCE

  • Original cataloging agency: OSt
  • Transcribing agency: OSt

600 ## -

  • : Revivals
  • : China
  • : Shandong Sheng.

670 ## - SOURCE DATA FOUND

  • Source citation: Work cat.: (OSt)0: Culpepper, C. L., 1895- 35963, The Shantung revival,, c1971]